Sports Quiz

Random Sports Quiz

NFC South Rushers Quiz Stats

 Plays Quiz not verified by Sporcle

Support Sporcle.
Go Orange.
Score 0/157 Timer 10:00
0 Plays Today
Team Player % Correct
Carolina PanthersDeAngelo Williams
98.7%
New Orleans SaintsRicky Williams
98.5%
New Orleans SaintsRicky Williams
98.5%
New Orleans SaintsRicky Williams
98.5%
Carolina PanthersDeAngelo Williams
98.5%
Carolina PanthersDeAngelo Williams
98.3%
Tampa Bay BuccaneersCadillac Williams
98.3%
Tampa Bay BuccaneersCadillac Williams
98.3%
Tampa Bay BuccaneersCadillac Williams
98.3%
Atlanta FalconsMichael Turner
95.2%
Atlanta FalconsMichael Turner
95.2%
Atlanta FalconsMichael Turner
95.2%
Atlanta FalconsWarrick Dunn
94.8%
Atlanta FalconsWarrick Dunn
94.8%
Atlanta FalconsWarrick Dunn
94.8%
Atlanta FalconsWarrick Dunn
94.8%
Atlanta FalconsWarrick Dunn
94.8%
Tampa Bay BuccaneersWarrick Dunn
94.8%
Tampa Bay BuccaneersWarrick Dunn
94.8%
Tampa Bay BuccaneersWarrick Dunn
94.8%
Tampa Bay BuccaneersWarrick Dunn
94.8%
Atlanta FalconsMichael Turner
94.8%
Atlanta FalconsMichael Turner
94.8%
Carolina PanthersJonathan Stewart
92.8%
New Orleans SaintsDeuce McAllister
91.8%
New Orleans SaintsDeuce McAllister
91.8%
New Orleans SaintsDeuce McAllister
91.8%
New Orleans SaintsDeuce McAllister
91.8%
Carolina PanthersJonathan Stewart
91.4%
Carolina PanthersJonathan Stewart
91.4%
Carolina PanthersJonathan Stewart
90.9%
Carolina PanthersJonathan Stewart
90%
New Orleans SaintsReggie Bush
88.9%
New Orleans SaintsPierre Thomas
88.7%
New Orleans SaintsPierre Thomas
88.7%
New Orleans SaintsMark Ingram
86.7%
New Orleans SaintsPierre Thomas
85.3%
Tampa Bay BuccaneersDoug Martin
84.7%
Atlanta FalconsDevonta Freeman
84.3%
Atlanta FalconsJamal Anderson
84.1%
Atlanta FalconsJamal Anderson
84.1%
Atlanta FalconsJamal Anderson
84.1%
Atlanta FalconsJamal Anderson
84.1%
Tampa Bay BuccaneersGary W. Anderson
84.1%
Tampa Bay BuccaneersDoug Martin
83.4%
Atlanta FalconsSteven Jackson
82.9%
Atlanta FalconsSteven Jackson
82.7%
Carolina PanthersStephen Davis
82.6%
Tampa Bay BuccaneersMike Alstott
82.6%
Tampa Bay BuccaneersMike Alstott
82.6%
New Orleans SaintsMark Ingram
82.5%
Atlanta FalconsDevonta Freeman
80.8%
Tampa Bay BuccaneersDoug Martin
80%
Team Player % Correct
New Orleans SaintsMark Ingram
79.4%
New Orleans SaintsMark Ingram
78.6%
Carolina PanthersDeShaun Foster
73.2%
Carolina PanthersDeShaun Foster
73.2%
Carolina PanthersDeShaun Foster
73.2%
Carolina PanthersCam Newton
69.4%
Carolina PanthersAnthony Johnson
69%
Atlanta FalconsGerald Riggs
68.4%
Atlanta FalconsGerald Riggs
68.4%
Atlanta FalconsGerald Riggs
68.4%
Atlanta FalconsGerald Riggs
68.4%
Tampa Bay BuccaneersLeGarrette Blount
64.4%
Atlanta FalconsMaurice Smith
63%
Carolina PanthersLamar Smith
63%
New Orleans SaintsLamar Smith
63%
New Orleans SaintsAntowain Smith
63%
Tampa Bay BuccaneersMichael Pittman
62.6%
Tampa Bay BuccaneersMichael Pittman
62.6%
Tampa Bay BuccaneersMichael Pittman
62.6%
Tampa Bay BuccaneersJames Wilder
62.3%
Tampa Bay BuccaneersJames Wilder
62.3%
Tampa Bay BuccaneersJames Wilder
62.3%
Tampa Bay BuccaneersJames Wilder
62.3%
Tampa Bay BuccaneersJames Wilder
62.3%
Tampa Bay BuccaneersJames Wilder
62.3%
New Orleans SaintsGeorge Rogers
61.7%
New Orleans SaintsGeorge Rogers
61.7%
New Orleans SaintsGeorge Rogers
61.7%
New Orleans SaintsGeorge Rogers
61.7%
New Orleans SaintsJimmy Rogers
61.5%
New Orleans SaintsChris Ivory
60.7%
Tampa Bay BuccaneersLeGarrette Blount
56.3%
New Orleans SaintsDerek D. Brown
55.4%
Tampa Bay BuccaneersErrict Rhett
55.4%
Tampa Bay BuccaneersErrict Rhett
55.4%
Tampa Bay BuccaneersErrict Rhett
55.4%
New Orleans SaintsDalton Hilliard
54.8%
New Orleans SaintsDalton Hilliard
54.8%
Atlanta FalconsWilliam Andrews
54%
Atlanta FalconsWilliam Andrews
54%
Atlanta FalconsWilliam Andrews
54%
Atlanta FalconsWilliam Andrews
54%
Atlanta FalconsWilliam Andrews
54%
Atlanta FalconsT.J. Duckett
53.8%
Atlanta FalconsCraig Heyward
49.6%
Atlanta FalconsCraig Heyward
49.6%
New Orleans SaintsCraig Heyward
49.6%
Tampa Bay BuccaneersRicky Bell
49.4%
Tampa Bay BuccaneersRicky Bell
49.4%
Tampa Bay BuccaneersRicky Bell
49.4%
Tampa Bay BuccaneersRicky Bell
49.4%
Tampa Bay BuccaneersEarnest Graham
49.4%
New Orleans SaintsDarren Sproles
48.5%
Team Player % Correct
Carolina PanthersTim Biakabutuka
46.7%
Carolina PanthersTim Biakabutuka
46.7%
New Orleans SaintsReuben Mayes
45%
New Orleans SaintsReuben Mayes
45%
New Orleans SaintsChuck Muncie
43.3%
New Orleans SaintsChuck Muncie
43.3%
New Orleans SaintsChuck Muncie
43.3%
Carolina PanthersNick Goings
40.8%
Atlanta FalconsErric Pegram
37.7%
Tampa Bay BuccaneersReggie Cobb
36.4%
Tampa Bay BuccaneersReggie Cobb
36.4%
Tampa Bay BuccaneersReggie Cobb
36.4%
Tampa Bay BuccaneersJacquizz Rodgers
32.5%
Atlanta FalconsJohn Settle
31.2%
Atlanta FalconsJohn Settle
31.2%
Carolina PanthersFred Lane
31%
Carolina PanthersFred Lane
31%
Atlanta FalconsMike Rozier
29.9%
Atlanta FalconsDave Hampton
29.3%
Atlanta FalconsDave Hampton
29.3%
Atlanta FalconsDave Hampton
29.3%
Atlanta FalconsDave Hampton
29.3%
Tampa Bay BuccaneersBobby Rainey
28.4%
New Orleans SaintsWayne Wilson
28.2%
New Orleans SaintsMario Bates
27.8%
New Orleans SaintsMario Bates
27.8%
New Orleans SaintsMario Bates
27.8%
Tampa Bay BuccaneersLars Tate
26.6%
Tampa Bay BuccaneersLars Tate
26.6%
New Orleans SaintsVaughn Dunbar
23.8%
Tampa Bay BuccaneersLouis Carter
23.2%
Atlanta FalconsSteve Broussard
23%
Atlanta FalconsSteve Broussard
23%
Atlanta FalconsBubba Bean
22.4%
Atlanta FalconsBubba Bean
22.4%
Atlanta FalconsCannonball Butler
21.3%
Atlanta FalconsCannonball Butler
21.3%
Carolina PanthersDerrick Moore
20.1%
Tampa Bay BuccaneersJerry Eckwood
19.2%
New Orleans SaintsTony Galbreath
18.6%
Atlanta FalconsHaskel Stanback
17.8%
Atlanta FalconsKen Oxendine
17.6%
Carolina PanthersRichard Huntley
14.2%
New Orleans SaintsJim Strong
12.6%
New Orleans SaintsTony Baker
12.3%
New Orleans SaintsAlvin Maxson
11.5%
New Orleans SaintsRay Zellars
11.3%
New Orleans SaintsFred McAfee
10.7%
New Orleans SaintsBob Gresham
10.5%
New Orleans SaintsJess Phillips
9.2%
New Orleans SaintsMike Strachan
8.4%

You're not logged in!

Compare scores with friends on all Sporcle quizzes.
OR
Log In

From the Vault

London Stations Animals

by BGCollector

We always knew the London Stations were a zoo, this quiz just proves it.
Remove Ads.
Support Sporcle.
Get the best of Sporcle when you Go Orange. This ad-free experience offers more features, more stats, and more fun while also helping to support Sporcle. Thank you for becoming a member.

Show Comments

Extras

Top Quizzes Today


Score Distribution

Your Account Isn't Verified!

In order to create a playlist on Sporcle, you need to verify the email address you used during registration. Go to your Sporcle Settings to finish the process.

Report this User

Report this user for behavior that violates our Community Guidelines.

Details: